| 000 | 00766nam a2200169 i 4500 | ||
|---|---|---|---|
| 001 | 156898 | ||
| 003 | ES-MaACL | ||
| 005 | 20240424063057.0 | ||
| 008 | 931025s1875 sp |||| | spa d | ||
| 100 | 1 |
_aLaguna, Máximo, _d1826-1902 _969621 |
|
| 245 | 1 | 0 |
_aFlora forestal española _b: que comprende la descripción de los árboles, arbustos y matas que se crian silvestres ó asilvestradas en España... / _cescrita... por Máximo Laguna ; con la colaboración de Pedro de Avila. |
| 260 |
_aMadrid : _b[s.n.], _c1875 ( _fImp. de los señores Rojas) |
||
| 300 |
_a120 p. ; _c23 cm. |
||
| 700 | 0 |
_aAvila, Pedro de. _924050 |
|
| 852 |
_aES-MaACL _jT-356-F-19 _z-- Enc. hol., falto de la cub. original _z-- Enc. en un vol. facticio |
||
| 999 |
_c156898 _d156898 |
||